| 000 | 00820nam a2200277Ia 4500 | ||
|---|---|---|---|
| 001 | Para_6229 | ||
| 003 | CHAP | ||
| 008 | 220125s1970 xx 000 0 und d | ||
| 010 | _a204972 | ||
| 040 | _cCHAP | ||
| 090 | _aPA FOLLETO 329 | ||
| 100 |
_aCarrillo Liz, Alfonso _919506 |
||
| 245 |
_aProyecto de investigación sobre muestreo de insectos / _c por Alfonso Carrillo Liz |
||
| 260 |
_aChapingo, Méx. : _b ENA.CP. Centro de Estadística y Cálculo |
||
| 300 | _a58 h. | ||
| 650 |
_aInsectos _958888 |
||
| 650 |
_aMuestreo estadístico _979288 |
||
| 710 |
_aENA. CP. Centro de Estadística y Cálculo _9170915 |
||
| 901 | _aPA FOLLETO 329 | ||
| 902 | _aA | ||
| 905 | _a0000001970 0000000000 00 | ||
| 910 | _a1970 | ||
| 942 | _cPARA | ||
| 942 |
_cPARA _d1 |
||
| 999 |
_c204972 _d204972 |
||